000 00551cam a2200181 4500
008 000000n1999 000 0 eng u
020 _a0860174948
035 _a(Sirsi) u103255
041 _aeng
050 _a624.154
110 _aConstruction Industry Research and Information Association
_94810
245 _aPiled foundations in weak rock.
260 _aLondon
_bCIRIA
_c1999
300 _a139p. ; 30cm.
650 _aBUILT ENVIRONMENT-BUILDING ELEMENTS-COMPLETE BUILDING ELEMENTS-FOUNDATIONS
690 _aBUILT ENVIRONMENT
942 _n0
999 _c100106
_d100106